|
|
|
|
| LEADER |
00000cam a2200000 c 4500 |
| 001 |
858714337 |
| 003 |
DE-627 |
| 005 |
20251224201828.0 |
| 007 |
tu |
| 008 |
160505s2016 xxk||||| 00| ||eng c |
| 020 |
|
|
|a 9781474252102
|9 978-1-4742-5210-2
|
| 035 |
|
|
|a (DE-627)858714337
|
| 035 |
|
|
|a (DE-599)BVBBV043511015
|
| 035 |
|
|
|a (OCoLC)920451357
|
| 035 |
|
|
|a (DE-604)BV043511015
|
| 040 |
|
|
|a DE-627
|b ger
|c DE-627
|e rda
|
| 041 |
|
|
|a eng
|
| 044 |
|
|
|c XA-GB
|c XD-US
|c XB-IN
|c XE-AU
|
| 050 |
|
0 |
|a BL41
|
| 082 |
0 |
|
|a 210
|q LOC
|2 23
|
| 084 |
|
|
|a 0
|2 ssgn
|
| 084 |
|
|
|a BE 1500
|2 rvk
|0 (DE-625)rvk/10455:
|
| 084 |
|
|
|a 11.01
|2 bkl
|
| 100 |
1 |
|
|e VerfasserIn
|0 (DE-588)1051806909
|0 (DE-627)786825782
|0 (DE-576)166400459
|4 aut
|a Paden, William E.
|d 1939-
|
| 109 |
|
|
|a Paden, William E. 1939-
|a Paden, William 1939-
|
| 245 |
1 |
0 |
|a New patterns for comparative religion
|b passages to an evolutionary perspective
|c William E. Paden
|
| 264 |
|
1 |
|a London
|a Oxford
|a New York
|a New Delhi
|a Sydney
|b Bloomsbury Academic
|c 2016
|
| 300 |
|
|
|a ix, 253 Seiten
|
| 336 |
|
|
|a Text
|b txt
|2 rdacontent
|
| 337 |
|
|
|a ohne Hilfsmittel zu benutzen
|b n
|2 rdamedia
|
| 338 |
|
|
|a Band
|b nc
|2 rdacarrier
|
| 490 |
0 |
|
|a Scientific studies of religion: inquiry and explanation
|
| 500 |
|
|
|a Literaturangaben
|
| 601 |
|
|
|a Religion
|
| 650 |
|
0 |
|a Religion
|x Methodology
|
| 650 |
|
0 |
|a Evolution
|x Religious aspects
|
| 689 |
0 |
0 |
|d s
|0 (DE-588)4455022-4
|0 (DE-627)228234212
|0 (DE-576)212611542
|2 gnd
|a Vergleichende Religionswissenschaft
|
| 689 |
0 |
1 |
|d s
|0 (DE-588)4138014-9
|0 (DE-627)105645729
|0 (DE-576)209682493
|2 gnd
|a Religiöse Entwicklung
|
| 689 |
0 |
|
|5 DE-101
|
| 776 |
1 |
|
|z 9781474252119
|c : (ePDF)
|
| 776 |
1 |
|
|z 9781474252126
|c : (ePub)
|
| 936 |
r |
v |
|a BE 1500
|b Handbücher, Lehrbücher, Einführungen
|k Theologie und Religionswissenschaften
|k Religionswissenschaft
|k Allgemeines
|k Gesamtdarstellungen
|k Handbücher, Lehrbücher, Einführungen
|0 (DE-627)1270718436
|0 (DE-625)rvk/10455:
|0 (DE-576)200718436
|
| 936 |
b |
k |
|a 11.01
|j Systematische Religionswissenschaft: Allgemeines
|q SEPA
|0 (DE-627)106423401
|
| 951 |
|
|
|a BO
|
| ELC |
|
|
|b 1
|
| ORI |
|
|
|a SA-MARC-ixtheo_oa001.raw
|
| REL |
|
|
|a 1
|
| STA |
0 |
0 |
|a Comparative religion,Evolution,Evolution,Religion,Religion in literature,Religions,Religion,Religious development
|
| STB |
0 |
0 |
|a Religion,Religions,Religion,Sciences religieuses comparées,Évolution religieuse,Évolution,Évolution
|
| STC |
0 |
0 |
|a Ciencias de la religión comparadas,Desarrollo religioso,Evolución,Religión,Religión,Religión
|
| STD |
0 |
0 |
|a Evoluzione,Evoluzione religiosa,Religione,Religione,Religione,Scienze religiose comparate
|
| STE |
0 |
0 |
|a 宗教,宗教,宗教发展,比较宗教,进化,演变
|
| STF |
0 |
0 |
|a 宗教,宗教,宗教發展,比較宗教,進化,演變
|
| STG |
0 |
0 |
|a Ciências da religião comparadas,Desenvolvimento religioso,Evolução,Religião,Religião
|
| STH |
0 |
0 |
|a Религиозное развитие,Религия,Религия (мотив),Сравнительное религиоведение,Эволюция
|
| STI |
0 |
0 |
|a Εξέλιξη,Θρησκεία,Θρησκεία (μοτίβο),Θρησκευτική ανάπτυξη,Συγκριτική θρησκειολογία
|
| SUB |
|
|
|a REL
|
| SYE |
0 |
0 |
|a Religion,Mystik,Mythologie , Abstammung
|